Akváriové ryby /
Uložené v:
| Hlavný autor: | |
|---|---|
| Ďalší autori: | , |
| Médium: | Kniha |
| Jazyk: | Slovak French |
| Vydané: |
Bratislava :
Slovart,
c2004
|
| Vydanie: | 1. slov. vyd. |
| Edícia: | Zápisníky z prírody
|
| Témy: | |
| ISBN: |
8071458155 (viaz.) |
| Fyzický popis: |
31 s. : fareb. ilustr. ; 20 cm |
| Tagy: |
Pridať tag
Žiadne tagy, Buďte prvý kto otaguje tento záznam!
|
Titul je dostupný aj v ... 

MARC
| LEADER | 00000nam a2200000 a 4500 | ||
|---|---|---|---|
| 001 | 000000677 | ||
| 003 | SVKK | ||
| 005 | 20060130092718.0 | ||
| 008 | 040319s2004 xo a e d 001 0 sloo | ||
| 020 | |a 8071458155 (viaz.) | ||
| 040 | |a SVKKK |b slo |c SVKKK |e AACR2 | ||
| 041 | 1 | |a slo |h fre | |
| 044 | |a xo |c SK | ||
| 072 | 7 | |a 639.2/.6 |x Rybárstvo |2 konspekt | |
| 080 | |a 636.98 |2 1997 | ||
| 080 | |a 639.34 |2 1997 | ||
| 080 | |a (035) |2 1997 | ||
| 080 | |a (041) |2 1997 | ||
| 100 | 1 | |a Louisy, Patrick |4 aut | |
| 240 | 1 | 0 | |a Poissons d'aquarium. |l Slovensky |
| 245 | 1 | 0 | |a Akváriové ryby / |c Patrick Louisy ; ilustrácie Pascal Robin ; [z francúzskeho originálu preložila Tatiana Žáryová] |
| 250 | |a 1. slov. vyd. | ||
| 260 | |a Bratislava : |b Slovart, |c c2004 | ||
| 300 | |a 31 s. : |b fareb. ilustr. ; |c 20 cm | ||
| 440 | 0 | |a Zápisníky z prírody | |
| 500 | |a Fareb. ilustr. na tit. strane | ||
| 500 | |a Údaj o preklade prevzatý z tiráže | ||
| 500 | |a Slovník | ||
| 504 | |a Reg. | ||
| 650 | 0 | 7 | |a akváriové ryby |2 SVKKKPH |
| 650 | 0 | 7 | |a akvaristika |2 SVKKKPH |
| 655 | 7 | |a príručky |2 SVKKKPH | |
| 655 | 7 | |a brožúry |2 SVKKKPH | |
| 700 | 1 | |a Robin, Pascal |4 ill | |
| 700 | 1 | |a Žáryová, Tatiana |4 trl | |
| 765 | 0 | |a Louisy, Patrick |t Poissons d'aquarium | |
| 919 | |a 80-7145-815-5 | ||
| 998 | |a BK | ||
| 090 | |g SCKHL |k Sklad Hlavná 10 prízemie |a I.72798 |j 960106 |i 2720021135 |s Absenčne | ||